• 首页
  • 本馆介绍
  • 公告通知
  • 最新文献
  • 馆藏检索
  • 电子资源
  • 读者导购
  • 参考咨询
  • 我的图书馆
  • 登录
  • 详细信息显示
  • 放入我的书架
  • 预约/预借图书
  • 作者相关作品
  • 分类相关作品
  • 丛书相关作品
  • 出版社相关作品

书目信息

  • 表格格式
  • 工作单格式
  • 卡片格式
题名:
群的表示和特征标
    
 
作者: 詹姆斯 , 李贝克 著 ;杨义川 , 刘瑞珊 译
分册:  
出版信息: 北京   科学出版社  2017
页数: 393页
开本: 24cm
丛书名: 现代数学译丛
单 册:
中图分类: O152.6
科图分类:
主题词: 群表示--qun biao shi
电子资源:
ISBN: 978-7-03-054525-1
000 01765nam 2200373 450
001 012001002779
005 20131015155109.0
010    @a978-7-03-054525-1@dCNY168.00
099    @aCAL 012017169340
100    @a20171105d2017 em y0chiy50 ea
101 1  @achi@ceng
102    @aCN@b110000
105    @ak a 001yy
106    @ar
200 1  @a群的表示和特征标@Aqun de biao shi he te zheng biao@f(英) Gordon James, Martin Liebeck著@g杨义川 ... [等] 译
210    @a北京@c科学出版社@d2017
215    @a393页@d24cm
225 2  @a现代数学译丛@Axian dai shu xue yi cong@v30
304    @a题名页题: 杨义川, 刘瑞珊, 任燕梅, 庄晓译
305    @a译自原书第2版
312    @a英文题名原文取自版权页
314    @a责任者James规范汉译姓: 詹姆斯 ; 责任者Liebeck汉译姓: 李贝克取自在版编目数据
320    @a有书目 (第388页) 和索引
330    @a本书的目的是希望向读者系统地介绍群表示理论。群表示是用矩阵群来描述群。该理论不仅结论优美, 而且提供了研究有限群结构的有效途径。不仅如此, 通过研究一个群的不同的表示还可以帮助我们得到表示理论以外的结果。举一个简单例子: 如所有阶数为paqb(其中p和q都是素数)的群均为可解群, 该结论是一个群论的结果, 然而它的最好的证明却是伯恩赛德运用群表示论得到的。事实上, 群表示理论的应用不只体现在数学领域, 它在理论物理学和化学等领域中也有重要的应用-我们将在本书最后一章进行讨论。
410  0 @12001 @a现代数学译丛@v30
500 10 @aRepresentations and characters of groups@mChinese
606 0  @a群表示@Aqun biao shi
690    @aO152.6@v5
701  1 @a詹姆斯@Azhan mu si@g(James, Gordon Douglas),@f1945-@4著
701  1 @a李贝克@Ali bei ke@g(Liebeck, Martin W.),@f1954-@4著
702  0 @a杨义川@Ayang yi chuan@4译
702  0 @a刘瑞珊@Aliu rui shan@4译
801  0 @aCN@b北京卓展@c20191020
905    @b1205814-5@dO152.6@e53@f2
    
    群的表示和特征标/(英) Gordon James, Martin Liebeck著/杨义川 ... [等] 译.-北京:科学出版社,2017
    393页;24cm.-(现代数学译丛;30)
    
    
    ISBN 978-7-03-054525-1:CNY168.00
    本书的目的是希望向读者系统地介绍群表示理论。群表示是用矩阵群来描述群。该理论不仅结论优美, 而且提供了研究有限群结构的有效途径。不仅如此, 通过研究一个群的不同的表示还可以帮助我们得到表示理论以外的结果。举一个简单例子: 如所有阶数为paqb(其中p和q都是素数)的群均为可解群, 该结论是一个群论的结果, 然而它的最好的证明却是伯恩赛德运用群表示论得到的。事实上, 群表示理论的应用不只体现在数学领域, 它在理论物理学和化学等领域中也有重要的应用-我们将在本书最后一章进行讨论。
●
相关链接 在E读中查询图书 在五车中查询图书 在当当中查询图书 在豆瓣中查询图书


正题名:群的表示和特征标     索取号:O152.6/53         预约/预借

序号 登录号 条形码 馆藏地/架位号 状态 备注
1 1205814   212058146   第二样本阅览室/ [索取号:O152.6/53] 在馆    
2 1205815   212058155   第三借阅区/ [索取号:O152.6/53] 在馆    
唐山师范学院图书馆 欢迎您!
大连网信软件有限公司© 版权所有